| 000 | 01013nam a22001937a 4500 | ||
|---|---|---|---|
| 003 | JO-AjAnu | ||
| 005 | 20260420072836.0 | ||
| 008 | 260420b jo ||||| |||| 00| 0 ara d | ||
| 040 |
_aANU _cJO-AjAnu |
||
| 041 | _hARA | ||
| 100 |
_aالخشان، معتصم صالح سعد _eمعد _966959 |
||
| 245 |
_aالظروف المشددة في الجرائم الإلكترونية = Aggravating Circumstances in Cybercrimes - An Analytical and Comparative Study _c / معتصم صالح سعد الخشان، اشراف احمد عبد الكريم الصرايرة |
||
| 260 |
_aعجلون: _bجامعة عجلون الوطنية؛ _c2026 |
||
| 300 | _a85 ورقة | ||
| 500 | _aرسالة جامعية (رسالة ماجستير في القانون - كلية الحقوق) جامعة عجلون الوطنية؛ 2026 | ||
| 650 | _vالجرائم الالكترونية-قوانين وتشريعات | ||
| 700 |
_aالصرايره، احمد عبدالكريم موسى _eمشرف _965842 |
||
| 942 |
_2lcc _cTHS _n0 |
||
| 999 |
_c34185 _d34185 |
||